Language Quiz

Random Language or Italian Quiz
Score 0/29 Timer 19:00
3 Plays Today
% Correct
rojo
78.2%
rouge
76.5%
bleu
76.3%
verde             verde             verde             verde
75.3%
azul             azul
72.7%
violetto
71.5%
vert
71%
violet             violet
70.3%
naranja
67%
amarillo
66.9%
rosso
66.3%
violat              violeta             violeta
(violeta)                                   
66%
orange
61.7%
jaune
61%
roșu
58.3%
% Correct
verd
53.6%
giallo
53.6%
arancione
48.2%
taronja
44.4%
laranja
44.3%
amarelo
43.8%
galben
43.2%
vermell
38.9%
albastru
38%
portocaliu
37.8%
vermelho
36.1%
blu
36.1%
blau
35.1%
groc
29%
Come Together.
Have Fun.
All Virtual.
We all need to come together. Play Sporcle's virtual live trivia to have fun, connect with people, and get your trivia on. Join a live hosted trivia game for your favorite pub trivia experience done virtually. If a virtual private party is more your thing, go here for details.

You're not logged in!

Compare scores with friends on all Sporcle quizzes.
OR
Log In

Sporcle TV

Today on Sporcle TV


Watch our educational content, quiz creation guides, and fun videos on Sporcle TV.

Show Comments

Extras

Top Quizzes Today


Score Distribution

Paid Content

Your Account Isn't Verified!

In order to create a playlist on Sporcle, you need to verify the email address you used during registration. Go to your Sporcle Settings to finish the process.

Report this User

Report this user for behavior that violates our Community Guidelines.

Details: